00579nam a2200193Ia 450000500170000000800410001702000260005804000190008404100120010308200170011510000200013224500610015226000480021330000130026165000360027465000350031070000300034585000100037520180713142635.0131103s9999 xx 000 0 und d a8170462576cRs.250.00 aLoreto College aEnglish a891.443bDEV aDevi, Mahasweta aRomthacMahasweta Devi;translated by Pinaki Bhattacharya aCalcutta and New DelhibSeagull Booksc2004 axxi,72p  aFiction translated from Bengali aLiterature in Indian languages aBhattacharya, Pinaki4tr. aLCLIB